Top 10 least obese North American countries - Statistics

General Stats
  • This quiz has been taken 14 times
  • The average score is 8 of 10
Answer Stats
Answer % Correct
Cuba
92%
Honduras
92%
Costa Rica
83%
Guatemala
83%
Canada
75%
Dominican Republic
75%
Haiti
75%
El Salvador
67%
Grenada
58%
Trinidad and Tobago
50%
No matching quizzes found
Score Distribution
Percent of People with Each Score
Percentile by Number Answered
Your Score History
You have not taken this quiz